| 000 | 00452nam a22001577a 4500 | ||
|---|---|---|---|
| 005 | 20251108175426.0 | ||
| 008 | 250721s2008 xx 000 0 ara d | ||
| 082 | 1 | 4 | _a956.411/مخط |
| 245 | 1 | 0 | _aالمخطط اليهودي لإقامة الهيكل و تهويد القدس !! / |
| 264 |
_bمركز بيت المفدس، _c2008. |
||
| 300 | _a51ص. | ||
| 650 | 1 | 7 | _aالتهويد |
| 650 | 1 | 7 | _aالقدس |
| 942 |
_2ddc _cBK |
||
| 999 |
_c133817 _d133817 |
||